[Event "CHI BioBio Region-ch U18"]
[Site "Los Angeles"]
[Date "2015.07.22"]
[Round "8.4"]
[White "Leal Salas, Ricardo Ignacio"]
[Black "Vargas Alarcon, Marcelo"]
[Result "1/2-1/2"]
[WhiteElo "1350"]
[BlackElo "1504"]
[PlyCount "89"]
[EventDate "2015.07.20"]
[EventType "tourn"]
[EventRounds "9"]
[EventCountry "CHI"]
[SourceTitle "EXT 2024"]
[Source "ChessBase"]
[SourceDate "2023.10.10"]
[SourceVersion "1"]
[SourceVersionDate "2023.10.10"]
[SourceQuality "1"]

1. Nf3 Nf6 2. d4 d5 3. h3 Bf5 4. Bf4 Nc6 5. Nbd2 Nb4 6. Rc1 Nxa2 7. Ra1 Nb4 8. Rc1 Nxc2+ 9. Rxc2 Bxc2 10. Qxc2 c6 11. e3 e6 12. Bd3 Bd6 13. Be5 h6 14. Qb3 Rb8 15. 0-0 0-0 16. Ra1 a6 17. Bxd6 Qxd6 18. Ne5 Nd7 19. Ndf3 Nxe5 20. Nxe5 c5 21. Qa3 Rbc8 22. Rc1 b6 23. Qxa6 c4 24. Bxc4 dxc4 25. Rxc4 Rxc4 26. Nxc4 Qc6 27. b3 Ra8 28. Qxb6 Qxb6 29. Nxb6 Rb8 30. Nc4 Rxb3 31. Nd2 Rb5 32. Kh2 f6 33. Nf3 Kf7 34. h4 g5 35. g4 gxh4 36. Nxh4 h5 37. Kg3 hxg4 38. Kxg4 Kg7 39. f4 f5+ 40. Kf3 Kh6 41. Ng2 Kh5 42. e4 Rb4 43. exf5 exf5 44. Ne3 Kg6 45. d5 1/2-1/2